[Event "FIDE World Uni Blitz-C 1st"]
[Site "Tornelo INT"]
[Date "2021.03.13"]
[Round "10.42"]
[White "Escobar, Ariana"]
[Black "Hryshchenko, Kamila"]
[Result "0-1"]
[WhiteElo "1557"]
[BlackElo "2028"]
[PlyCount "64"]
[EventDate "2021.03.13"]
[EventType "swiss (blitz)"]
[EventRounds "10"]
[EventCountry "NET"]
[SourceTitle "EXT 2022"]
[Source "ChessBase"]
[SourceDate "2021.10.06"]
[SourceVersion "1"]
[SourceVersionDate "2021.10.06"]
[SourceQuality "1"]

1. e4 g6 2. d4 Bg7 3. c4 d6 4. Nc3 Nf6 5. h3 0-0 6. Nf3 c6 7. Be2 e5 8. dxe5 dxe5 9. Qxd8 Rxd8 10. 0-0 Nbd7 11. Be3 Re8 12. Rad1 Nh5 13. g3 Nf8 14. Kg2 b6 15. Rd2 f5 16. exf5 gxf5 17. Nxe5 Nxg3 18. fxg3 Bxe5 19. Bf3 Bxc3 20. Rd3 Bxb2 21. Bxc6 Be6 22. Bxa8 Rxa8 23. c5 Bc4 24. Rb3 Bxf1+ 25. Kxf1 Be5 26. cxb6 axb6 27. Rxb6 Rxa2 28. Rb5 Ng6 29. Bh6 Ra3 30. h4 Bxg3 31. h5 Ne7 32. Rb8+ Bxb8 0-1

[Event "FIDE World Uni Blitz-C 1st"]
[Site "Tornelo INT"]
[Date "2021.03.13"]
[Round "8.45"]
[White "Escobar, Ariana"]
[Black "Maher, Conor"]
[Result "0-1"]
[WhiteElo "1557"]
[BlackElo "1939"]
[PlyCount "92"]
[EventDate "2021.03.13"]
[EventType "swiss (blitz)"]
[EventRounds "10"]
[EventCountry "NET"]
[SourceTitle "EXT 2022"]
[Source "ChessBase"]
[SourceDate "2021.10.06"]
[SourceVersion "1"]
[SourceVersionDate "2021.10.06"]
[SourceQuality "1"]

1. e4 c6 2. d4 d5 3. exd5 cxd5 4. Bd3 Nc6 5. c3 Qc7 6. Bg5 Nf6 7. Nd2 Bg4 8. Ngf3 e6 9. h3 Bh5 10. 0-0 Bg6 11. Qc2 Be7 12. Rae1 0-0 13. Ne5 Ne4 14. Bxe7 Nxd2 15. Bxf8 Nxf1 16. Bxg7 Kxg7 17. Kxf1 Rc8 18. Bxg6 hxg6 19. Kg1 Nxd4 20. Qd3 Nf5 21. g4 Nh4 22. Qd4 Kg8 23. Kh1 Qa5 24. a3 Qd8 25. Qf4 g5 26. Qxf7+ Kh8 27. Qxe6 Qf8 28. Ng6+ Nxg6 29. Qxg6 Qf3+ 30. Kg1 Rf8 31. Qh6+ Kg8 32. Qxg5+ Kh8 33. Qe5+ Kh7 34. Qe7+ Kg8 35. Qe6+ Kh8 36. Qe3 Qf6 37. Qd4 Qxd4 38. cxd4 Rf7 39. Kg2 Kg7 40. Rd1 Rc7 41. Rd2 a5 42. f4 Rc1 43. f5 Re1 44. Kg3 Re3+ 45. Kh4 Kf6 46. Kh5 Rxh3# 0-1

[Event "FIDE World Uni Blitz-C 1st"]
[Site "Tornelo INT"]
[Date "2021.03.13"]
[Round "1.6"]
[White "Lobanov, Sergei"]
[Black "Escobar, Ariana"]
[Result "1-0"]
[WhiteElo "2516"]
[BlackElo "1557"]
[PlyCount "65"]
[EventDate "2021.03.13"]
[EventType "swiss (blitz)"]
[EventRounds "10"]
[EventCountry "NET"]
[SourceTitle "EXT 2022"]
[Source "ChessBase"]
[SourceDate "2021.10.06"]
[SourceVersion "1"]
[SourceVersionDate "2021.10.06"]
[SourceQuality "1"]

1. e4 e5 2. Nf3 Nc6 3. Bb5 f5 4. d3 fxe4 5. dxe4 Nf6 6. 0-0 Bc5 7. Bxc6 bxc6 8. Nxe5 0-0 9. Nc3 Kh8 10. Nd3 Bb6 11. e5 Nd5 12. Na4 Qe7 13. c4 Nb4 14. Nxb4 Qxb4 15. b3 Qe7 16. Bb2 Bb7 17. Qd3 c5 18. Rad1 Bc6 19. Bc3 Qg5 20. Qg3 Qf4 21. Nb2 a5 22. a4 Rf7 23. Nd3 Qh6 24. e6 dxe6 25. Ne5 Be8 26. Nxf7+ Bxf7 27. Rd7 Bg6 28. Bxg7+ Qxg7 29. Rxg7 Kxg7 30. Rd1 Rf8 31. h4 Kh8 32. Rd7 Bf5 33. Qg7# 1-0

[Event "World Amateur-ch U1700 (Women)"]
[Site "Spoleto"]
[Date "2017.04.02"]
[Round "3"]
[White "Escobar, Ariana"]
[Black "Johnson, Elizabeth"]
[Result "1-0"]
[WhiteElo "1489"]
[BlackElo "1441"]
[PlyCount "120"]
[EventDate "2017.04.01"]
[EventType "swiss"]
[EventRounds "9"]
[EventCountry "ITA"]
[SourceTitle "EXT 2024"]
[Source "ChessBase"]
[SourceDate "2023.10.10"]
[SourceVersion "1"]
[SourceVersionDate "2023.10.10"]
[SourceQuality "1"]

1. e4 c6 2. d4 d5 3. e5 Bf5 4. Bd3 Bxd3 5. Qxd3 e6 6. Nf3 Qc7 7. c3 c5 8. dxc5 Bxc5 9. b4 Bb6 10. Na3 a6 11. Bf4 Ne7 12. 0-0 Ng6 13. Bg3 0-0 14. Rfe1 Nd7 15. c4 Ne7 16. cxd5 Nxd5 17. Rac1 Qd8 18. Qe4 h6 19. Red1 Rc8 20. Rxc8 Qxc8 21. Qd3 Rd8 22. Qb3 Bc7 23. Rc1 Qb8 24. Re1 Rc8 25. h3 Bb6 26. Nc4 Bc7 27. b5 a5 28. a4 Nc5 29. Qa3 b6 30. Nd4 Nb4 31. Qa1 Ncd3 32. Re3 Bd8 33. Qc3 Qc7 34. Nc6 Nc5 35. Nd6 Nd5 36. Qa3 Nxe3 37. Nxc8 Nc4 38. Qc3 Qxc8 39. Qxc4 Qd7 40. f4 Qd1+ 41. Kh2 Nxa4 42. Nxd8 Qxd8 43. Qxa4 Qd2 44. Qc4 g6 45. Bh4 g5 46. fxg5 hxg5 47. Qg4 Qf4+ 48. Qxf4 gxf4 49. Bd8 f6 50. exf6 e5 51. Bxb6 a4 52. Bc7 e4 53. Bxf4 a3 54. Be5 e3 55. Kg3 a2 56. Kf3 e2 57. Kxe2 a1Q 58. Bxa1 Kf7 59. b6 Kg8 60. b7 Kh8 1-0